| 000 | 00632nam a22001337a 4500 | ||
|---|---|---|---|
| 040 | _cRUA | ||
| 082 | _aAGR PHO 2009 B042 Or.1 | ||
| 100 | _aPHO, CHAMROEUN. | ||
| 245 | _astudy of coconut potential in sreronorng commune tramkak district takeo province (ការសិក្សាពីសក្តានុពលដំណាំដូង នៅឃុំស្រែរនោងស្រុកត្រាំកក់ ខេត្តតាកែវ) | ||
| 260 |
_aPhnom Penh _bRUA _c2009 |
||
| 300 |
_axi, 75p. _bill. _c29cm. |
||
| 856 | _uhttps://drive.google.com/file/d/1izVyayaBJrKF1bMfVSf0jqfi2YSC9-4S/view?usp=sharing | ||
| 942 | _cAGR | ||
| 999 |
_c932 _d932 |
||